Statistics for Random Knowledge Quiz #52

Click here to take the quiz!

General Stats

  • This quiz has been taken 69 times
  • The average score is 10 of 15

Answer Stats

QuestionAnswer% Correct
What is the most popular soft drink in the world?Coca-Cola
95%
What is the majority of the earth covered by?Water
94%
Which ocean mammal is also called killer whale?Orca
85%
What bird has eyes bigger than its brain?An ostrich
77%
In the human body, what mineral is necessary in the production of hemoglobin?Iron
77%
The destruction of Pompeii in 79 A.D. was done by what volcano?Mt. Vesuvius
77%
Which sense did some pirates think was improved by pierced ears?Eyesight
76%
What vegetable is vodka made of?Potato
76%
What food manufacturing company uses animal mascots named Newton, Tony and Cornelius to sell cereal?The Kellogg Company
76%
What is the world’s most expensive spice?Saffron
61%
What is the physical removal and transportation of weathered material by water, wind, ice, or gravity called?Erosion
53%
Which major city is located on two continents?Istanbul, Turkey
53%
Finish these lyrics: Imagine all the people / Livin' life in peace / You may say I'm a dreamer / But I'm not the only one / I hope someday you'll join us / And the world will be...As one
44%
What is the scientific word for push or pull?Force
35%
How long is an eon (roughly)?A billion years
21%

Score Distribution

Percentile by Number Answered

Percent of People with Each Score

Your Score History

You have not taken this quiz